000 00424nam a2200169Ia 4500
008 090711s9999 xx 000 0 und d
082 _b48130
100 _aओक जनार्दन
245 _aट्रॅप
260 _c1983
300 _a48
600 _aओक जनार्दन
630 _aट्रॅप
700 _aओक जनार्दन
730 _aट्रॅप
942 _cBOOK
999 _c306533
_d306533